000
00330 a2200157 4500
001
190957
020
_a
978-85-360-1087-5
040
_c
Magnum
100
_a
Camargo, Luis
240
1
0
_a
A traça travessa
_l
por
245
1
0
_a
A traça travessa
300
_a
16
362
0
_a
2011
697
_a
LITERATURA INFANTO
942
_c
BK
999
_c
190957
_d
190957